[Event "Rodriguez Pena mem"]
[Site "Ourense"]
[Date "2007.06.13"]
[Round "7"]
[White "Paunovic, Dragan"]
[Black "Strikovic, Aleksa"]
[Result "1/2-1/2"]
[WhiteElo "2524"]
[BlackElo "2563"]
[EventDate "2007.06.07"]

1. d4 d5 2. Nf3 Nf6 3. c4 e6 4. Nc3 c6 5. cxd5 exd5 6. Bg5 Be7 7. e3 Bf5 
8. Bd3 Bxd3 9. Qxd3 O-O 10. Bxf6 Bxf6 11. O-O Nd7 1/2-1/2

[Event "SRB-ch"]
[Site "Vrsac"]
[Date "2007.03.04"]
[Round "1"]
[White "Ivanisevic, Ivan"]
[Black "Stojanovic, Mihajlo"]
[Result "1/2-1/2"]
[WhiteElo "2602"]
[BlackElo "2576"]
[EventDate "2007.03.04"]

1. d4 d5 2. c4 e6 3. Nc3 Nf6 4. cxd5 exd5 5. Bg5 c6 6. e3 Be7 7. Qc2 O-O 
8. Bd3 Nbd7 9. Nf3 Re8 10. h3 Nf8 11. O-O Be6 12. Rab1 a5 13. Ne5 N6d7 14.
 Bxe7 Qxe7 15. f4 f6 16. Nxd7 Qxd7 17. Rf3 Re7 18. b4 Qd6 19. bxa5 Rxa5 
20. a4 Bf7 1/2-1/2

[Event "SUI-chT"]
[Site "Switzerland"]
[Date "2007.02.25"]
[Round "1.1"]
[White "Hort, Vlastimil"]
[Black "Jussupow, Artur"]
[Result "1/2-1/2"]
[WhiteElo "2523"]
[BlackElo "2607"]
[EventDate "2007.02.25"]

1. d4 Nf6 2. c4 e6 3. Nf3 d5 4. Nc3 Nbd7 5. cxd5 exd5 6. Bg5 Be7 7. e3 O-O
8. Qc2 Re8 9. Bd3 Nf8 10. O-O c6 11. Rab1 Bd6 12. Rfe1 Bg4 13. Nd2 Ng6 14.
 h3 Bd7 15. Nf3 h6 16. Bxh6 1/2-1/2

[Event "SUI-chT"]
[Site "Switzerland"]
[Date "2007.03.25"]
[Round "2.2"]
[White "Milov, Vadim"]
[Black "Godena, Michele"]
[Result "1-0"]
[WhiteElo "2659"]
[BlackElo "2516"]
[EventDate "2007.02.25"]

1. d4 d5 2. c4 c6 3. Nf3 e6 4. Bg5 Nf6 5. e3 Nbd7 6. Nbd2 Be7 7. cxd5 exd5
8. Bd3 Ne4 9. Bf4 Ndf6 10. O-O Bf5 11. Nb3 Nh5 12. Be5 Nhf6 13. h3 O-O 14.
 Bh2 Nd7 15. Ne5 Nxe5 16. dxe5 Qb6 17. a4 a5 18. Nd4 Bg6 19. Bc2 f6 20. e6
Bb4 21. Qe2 Rae8 22. Rad1 Bc5 23. f4 f5 24. Bxe4 fxe4 25. g4 Bxd4 26. exd4
Rxe6 27. f5 Ref6 28. Be5 Be8 29. Bxf6 Rxf6 30. Qe3 Bd7 31. b3 Qc7 32. Kg2 
Bc8 33. Qg3 Qxg3+ 34. Kxg3 b6 35. Rc1 Kf7 36. Rc3 Ke7 37. Rfc1 Bd7 38. b4 
axb4 39. Rb3 Kd6 40. Rxb4 Kc7 41. Kf4 Rf8 42. Rcb1 b5 43. axb5 cxb5 44. 
Ra1 Kb6 45. Rb3 Rc8 46. Ke5 Re8+ 47. Kd6 Bc8 48. Rab1 Ba6 49. g5 Rf8 50. 
f6 Rf7 51. Rc1 gxf6 52. Ke6 1-0

[Event "Vlissingen HZ op 11th"]
[Site "Vlissingen"]
[Date "2007.08.08"]
[Round "6"]
[White "Peralta, Fernando"]
[Black "Appel, Ralf"]
[Result "1/2-1/2"]
[WhiteElo "2546"]
[BlackElo "2512"]
[EventDate "2007.08.04"]

1. d4 d5 2. c4 e6 3. Nc3 Nf6 4. cxd5 exd5 5. Bg5 Be7 6. e3 c6 7. Qc2 Bg4 
8. h3 Be6 9. Bd3 a5 10. Nf3 Nbd7 11. Bf4 h6 12. g4 Rc8 13. O-O-O c5 14. g5
Nh5 15. gxh6 g5 16. Be5 Rxh6 17. Kb1 f6 18. Bh2 Nb6 19. dxc5 Bxc5 20. Bf5 
Qd7 21. Bxe6 Qxe6 22. e4 dxe4 23. Nxe4 Be7 24. Qd3 Kf8 25. Rhe1 Qc4 26. 
Nd6 Qxd3+ 27. Rxd3 Bxd6 28. Rxd6 Nc4 29. Rd7 Ng7 30. b3 Rxh3 31. Bg3 Nb6 
32. Rd6 Rc6 33. Rxc6 bxc6 34. Nd4 Kf7 35. Nxc6 Nd5 36. Nxa5 Nf5 37. Bb8 
Rf3 38. Ba7 Nd6 39. Kb2 Nb4 40. Kb1 Nb5 41. Re3 Nc3+ 42. Kc1 Nbxa2+ 43. 
Kd2 Rxf2+ 44. Kd3 Rf4 45. Nc6 Nd5 46. Re1 Nab4+ 47. Nxb4 Nxb4+ 48. Kc3 
Nd5+ 49. Kd3 g4 50. Re4 Rf3+ 51. Kc4 f5 52. Re1 Nf6 53. b4 g3 54. b5 Ne4 
55. b6 Nd2+ 56. Kd5 Rb3 57. Bb8 g2 58. Rg1 Rxb6 59. Bf4 Rb5+ 60. Kc6 Nf3 
61. Rxg2 Nd4+ 62. Kd6 1/2-1/2

[Event "Weihnachtsopen Meister"]
[Site "Zurich SUI"]
[Date "2007.12.29"]
[Round "5"]
[White "Pelletier, Y"]
[Black "Shengelia, D"]
[Result "1-0"]
[WhiteElo "2609"]
[BlackElo "2569"]
[EventDate "2007.12.26"]

1. d4 Nf6 2. c4 e6 3. Nc3 d5 4. cxd5 exd5 5. Bg5 c6 6. e3 Be7 7. Bd3 Bg4 
8. Qb3 Qb6 9. Qc2 Bh5 10. Bxf6 Bxf6 11. Nh3 Bg6 12. Nf4 Bxd3 13. Nxd3 a5 
14. O-O Nd7 15. a3 Qa6 16. b3 O-O 17. Na4 Be7 18. Rfc1 Rfe8 19. h3 Bd6 20.
 Ra2 g6 21. Rca1 Rac8 22. Rd1 Qa7 23. Nc3 h5 24. b4 b5 25. Rb1 Nb6 26. Nc5
Nc4 27. e4 Bxc5 28. dxc5 dxe4 29. Nxe4 Rxe4 30. Qxe4 axb4 31. Qd4 bxa3 32.
 Re1 Qc7 33. Rae2 Qd8 34. Qc3 Qf8 35. Re7 Ra8 36. Qf6 a2 37. Ra1 b4 38. 
Rb7 Ra4 39. Qxc6 Ra3 40. Qb5 b3 41. Qxc4 Qg7 42. Kh2 Qe5+ 43. f4 Qf6 44. 
c6 b2 45. Rxa2 Rxa2 46. c7 1-0

[Event "Winants-Galkin m"]
[Site "playchess.com INT"]
[Date "2007.02.19"]
[Round "?"]
[White "Winants, Luc"]
[Black "Galkin, Alexander"]
[Result "0-1"]
[WhiteElo "2516"]
[BlackElo "2590"]
[EventDate "2007.02.19"]

1. e4 c6 2. d4 d5 3. exd5 cxd5 4. Bd3 Nc6 5. c3 Nf6 6. Bf4 Bg4 7. Qb3 Qc8 
8. Nd2 e6 9. Ngf3 Be7 10. O-O Bh5 11. Rfe1 O-O 12. Re3 a6 13. Rae1 b5 14. 
a3 Bg6 15. Bxg6 hxg6 16. Ne5 Nxe5 17. Bxe5 Qc6 18. Rh3 a5 19. Nf3 Rfc8 20.
 Ng5 b4 21. axb4 axb4 22. Qd1 bxc3 23. bxc3 Ra3 24. Ree3 Qa6 25. Qd2 Ra2 
0-1

[Event "12th Corsica Masters KO"]
[Site "Ajaccio FRA"]
[Date "2008.10.27"]
[Round "1.1"]
[White "Agrest, E"]
[Black "Godena, M"]
[Result "1-0"]
[WhiteElo "2574"]
[BlackElo "2517"]
[EventDate "2008.10.27"]

1. c4 e6 2. Nf3 d5 3. d4 Nf6 4. Nc3 c6 5. Bg5 Nbd7 6. cxd5 exd5 7. e3 Qa5 
8. Bd3 Ne4 9. Qc2 Nxg5 10. Nxg5 h6 11. Nf3 Bd6 12. O-O O-O 13. a3 Qc7 14. 
Rac1 Qd8 15. h3 Re8 16. e4 dxe4 17. Nxe4 Nf6 18. Nc5 Bxc5 19. dxc5 Be6 20.
 Rcd1 Bd5 21. Bc4 Qc7 22. Bxd5 Nxd5 23. Nd4 Re5 24. Nf5 Rae8 25. Nd6 R8e6 
26. b4 Qe7 27. Qc4 Rg6 28. Rd3 Re1 29. Rf3 Rf6 30. Rxf6 Nxf6 31. g3 Nd5 
32. Qd4 g6 33. Rxe1 Qxe1+ 34. Kg2 Qe7 35. Qg4 Kh7 36. h4 h5 37. Qg5 Qe2 
38. Nxf7 Qe4+ 39. Kh2 Qe2 40. Qh6+ Kg8 41. Qxg6+ Kf8 42. Qf5 Ne3 43. Qf4 
Nf1+ 44. Kg2 Nd2 45. Ne5+ 1-0

[Event "17th CRO-chT 1a"]
[Site "Sibenik CRO"]
[Date "2008.09.02"]
[Round "6"]
[White "Kuljasevic, D"]
[Black "Pinter, J"]
[Result "1/2-1/2"]
[WhiteElo "2501"]
[BlackElo "2535"]
[EventDate "2008.09.27"]

1. d4 d5 2. c4 e6 3. Nc3 c6 4. Nf3 Nf6 5. Bg5 Nbd7 6. cxd5 exd5 7. e3 Be7 
8. Qc2 O-O 9. Bd3 Re8 10. h3 Nf8 11. Bf4 Ng6 12. Bh2 Bd6 13. Bxd6 Qxd6 14.
 O-O-O Qe7 15. g4 Be6 16. Ng5 Bd7 17. Rdg1 b5 18. Kb1 Rac8 19. Nf3 a6 20. 
Rc1 Be6 21. Bf5 c5 22. dxc5 Rxc5 23. Bxe6 fxe6 24. Qe2 Rec8 25. Nd4 Rc4 
26. g5 Nd7 27. h4 Ngf8 28. Qd2 Nb6 29. b3 R4c5 30. Nce2 Nbd7 31. Ng3 g6 
32. f4 e5 33. Nde2 Qe6 34. Rhd1 Rxc1+ 35. Rxc1 Rxc1+ 36. Kxc1 Qc6+ 37. Kb2
Ne6 38. f5 Nec5 39. Kb1 Nb6 40. Qc2 Qd6 41. Nc1 e4 42. fxg6 hxg6 43. Nge2 
Nbd7 44. Qc3 Ne6 45. Nd4 Nxd4 46. Qxd4 Ne5 47. Ne2 Nf3 48. Qa7 Nxh4 49. 
Nf4 Nf3 50. Qa8+ Kg7 51. Qb7+ Kg8 52. Qa8+ 1/2-1/2

[Event "17th Open"]
[Site "Kavala GRE"]
[Date "2008.08.01"]
[Round "3"]
[White "Kuljasevic, D"]
[Black "Burmakin, V"]
[Result "1/2-1/2"]
[WhiteElo "2501"]
[BlackElo "2625"]
[EventDate "2008.07.31"]

1. d4 c6 2. c4 d5 3. Nf3 Nf6 4. Nc3 e6 5. Bg5 Nbd7 6. cxd5 exd5 7. e3 Be7 
8. Qc2 h6 9. Bf4 Nf8 10. Bd3 Ne6 11. Bg3 O-O 12. O-O Bd7 13. Rab1 c5 14. 
dxc5 Nxc5 15. Rbd1 Nxd3 16. Qxd3 Qb6 17. Be5 Be6 18. Bd4 Qa5 19. Nh4 Ne4 
20. Nxe4 dxe4 21. Qxe4 1/2-1/2

[Event "26th Metz Open"]
[Site "Metz St Symphorien FRA"]
[Date "2008.04.24"]
[Round "6"]
[White "Feller, S"]
[Black "Epishin, V"]
[Result "1/2-1/2"]
[WhiteElo "2540"]
[BlackElo "2566"]
[EventDate "2008.04.19"]

1. d4 Nf6 2. c4 e6 3. Nc3 d5 4. cxd5 exd5 5. Bg5 Nbd7 6. e3 Be7 7. Qc2 O-O
8. Bd3 Re8 9. Nf3 Nf8 10. O-O c6 11. h3 g6 12. Bf4 Nh5 13. Be5 Ng7 14. 
Rab1 Bf5 15. b4 Rc8 16. Rfc1 Bxd3 17. Qxd3 Nfe6 18. b5 c5 19. dxc5 Nxc5 
20. Qd1 Ne4 21. Nxe4 1/2-1/2

[Event "37th Rilton Cup"]
[Site "Stockholm SWE"]
[Date "2008.01.03"]
[Round "7"]
[White "Wojtaszek, R"]
[Black "Ivanov, Sergey1"]
[Result "1/2-1/2"]
[WhiteElo "2635"]
[BlackElo "2532"]
[EventDate "2007.12.27"]

1. d4 d5 2. c4 c6 3. Nf3 Nf6 4. Nc3 e6 5. Bg5 Nbd7 6. cxd5 exd5 7. e3 Be7 
8. Qc2 O-O 9. Bd3 Re8 10. O-O Nf8 11. h3 Be6 12. Ne5 N6d7 13. Bxe7 Qxe7 
14. f4 f6 15. Nf3 c5 16. Rae1 Rac8 17. g4 a6 18. Qg2 b5 19. f5 Bf7 20. h4 
Qd6 21. Qh2 1/2-1/2

[Event "3rd Open"]
[Site "Kolkata IND"]
[Date "2008.03.29"]
[Round "6"]
[White "Sasikiran, K"]
[Black "Adly, A"]
[Result "1-0"]
[WhiteElo "2677"]
[BlackElo "2551"]
[EventDate "2008.03.24"]

1. d4 d5 2. c4 e6 3. Nc3 Nf6 4. cxd5 exd5 5. Bg5 c6 6. Qc2 Be7 7. e3 Nbd7 
8. Bd3 Nf8 9. Nge2 Ne6 10. Bh4 g6 11. f3 O-O 12. Rd1 b5 13. O-O a5 14. 
Rfe1 Ba6 15. Nf4 Ng7 16. e4 b4 17. Na4 dxe4 18. Bxa6 Rxa6 19. fxe4 Nd5 20.
 Bxe7 Nxe7 21. Rf1 Ra7 22. Nc5 h6 23. Qc4 Kh7 24. Rd3 g5 25. Nh5 Nef5 26. 
Nxg7 Nxg7 27. Rdf3 f6 28. Qd3 Kg8 29. h3 Qe7 30. a3 bxa3 31. bxa3 Raa8 32.
 Qc4+ Kh7 33. Qc2 Kg8 34. Qf2 Nh5 35. Qa2+ Qf7 36. Qc2 Rad8 37. e5 Rxd4 
38. Rxf6 Nxf6 39. Rxf6 Rc4 40. Qd3 Rxc5 41. Rxf7 Kxf7 42. Qh7+ Ke8 43. 
Qg6+ 1-0

[Event "4th Pichay Cup"]
[Site "Manila PHI"]
[Date "2008.09.19"]
[Round "9"]
[White "Li Shilong"]
[Black "Ghaem Maghami, E"]
[Result "1/2-1/2"]
[WhiteElo "2511"]
[BlackElo "2597"]
[EventDate "2008.09.14"]

1. d4 Nf6 2. c4 e6 3. Nc3 d5 4. cxd5 exd5 5. Bg5 c6 6. e3 Be7 7. Bd3 Nbd7 
8. Nf3 Nf8 9. Qc2 g6 10. O-O Ne6 11. Bxf6 Bxf6 12. b4 O-O 13. Rab1 Qd6 14.
 Rfd1 1/2-1/2

[Event "4th ch-EU"]
[Site "Liverpool ENG"]
[Date "2008.09.18"]
[Round "10"]
[White "Fridman, D2"]
[Black "Haslinger, S"]
[Result "1-0"]
[WhiteElo "2637"]
[BlackElo "2511"]
[EventDate "2008.09.09"]

1. d4 d5 2. c4 e6 3. Nf3 Nf6 4. Nc3 Be7 5. Qc2 O-O 6. cxd5 exd5 7. Bg5 
Nbd7 8. e3 Re8 9. Bd3 Nf8 10. O-O c6 11. h3 Be6 12. Rab1 Ne4 13. Bxe7 Rxe7
14. b4 Nxc3 15. Qxc3 Rc7 16. a4 a6 17. Rfc1 Qf6 18. Ne5 Qg5 19. Kh2 f6 20.
 Nf3 Qh5 21. Ng1 Bf5 22. Ne2 Bxd3 23. Qxd3 Ne6 24. Rb2 Qg6 25. Qb3 Rac8 
26. b5 axb5 27. axb5 Qf7 28. Rd1 Rd8 29. Nc3 f5 30. f4 c5 31. dxc5 Nxc5 
32. Rxd5 Rxd5 33. Qxd5 Qxd5 34. Nxd5 Rd7 35. Nb6 Rd3 36. Rc2 Ne6 37. Rc8+ 
Kf7 38. Nc4 Ke7 39. Rb8 Nc5 40. Rg8 Ne6 41. Rb8 Nc5 42. Rc8 Ne6 43. g4 g6 
44. Rb8 Nd8 45. Na5 fxg4 46. Nxb7 Ne6 47. hxg4 Rxe3 48. Na5 Re2+ 49. Kg3 
Ra2 50. Nc4 Rc2 51. Ne3 Rc3 52. Kf3 Rb3 53. b6 Kd6 54. f5 gxf5 55. gxf5 
Nd4+ 56. Ke4 Nc6 57. Nc4+ Kc5 58. Rc8 Rb4 59. Kd3 Kd5 60. Ne3+ Kd6 61. Kc3
Re4 62. Nc2 Re7 63. Nd4 Na5 64. Kb4 Nb7 65. Kc4 Na5+ 66. Kb5 Nb7 67. f6 
Rf7 68. Rc7 Nd8 69. Rxf7 Nxf7 70. b7 Kc7 71. Ka6 Ne5 72. Ka7 Nd7 73. f7 
1-0

[Event "61st ch-RUS HL"]
[Site "Novokuznetsk RUS"]
[Date "2008.09.05"]
[Round "3"]
[White "Yakovich, Yur"]
[Black "Rychagov, A"]
[Result "1/2-1/2"]
[WhiteElo "2566"]
[BlackElo "2549"]
[EventDate "2008.09.03"]

1. c4 e6 2. d4 d5 3. Nc3 Be7 4. cxd5 exd5 5. Bf4 Nf6 6. e3 Bf5 7. Qb3 Nc6 
8. Nf3 O-O 9. Rc1 Na5 10. Qa4 c6 11. Be2 b5 12. Qd1 a6 13. O-O Rc8 14. Bd3
Be6 15. Bg5 Nc4 16. Rc2 c5 17. dxc5 Rxc5 18. Ne2 h6 19. Bh4 Ne4 20. Bxe7 
Qxe7 21. b3 Ncd6 22. Rxc5 Nxc5 23. Bb1 Nce4 24. Nfd4 Rc8 25. Qd3 Nb7 26. 
f3 Nbc5 27. Qc2 Nf6 28. Qd2 Bd7 29. Rc1 Qd8 30. b4 Na4 31. Rxc8 Qxc8 32. 
Qc1 Qf8 33. a3 Nb6 34. Bd3 Nc4 35. Bxc4 dxc4 36. e4 Qd6 37. Qf4 Qb6 38. 
Qe5 Be6 39. h3 Nd7 40. Qf4 f6 41. Qe3 Ne5 42. Nc2 Qxe3+ 43. Nxe3 Kf7 44. 
Nc3 Nd3 45. Kf1 Ke7 46. Nc2 Bd7 47. Ne1 Nf4 48. h4 Kd6 49. g3 Nh5 50. Kf2 
g5 51. hxg5 hxg5 52. Ne2 Ng7 53. Ke3 f5 54. Nc3 Bc6 55. Nc2 fxe4 56. Nxe4+
Bxe4 57. Kxe4 Nh5 58. g4 Nf4 59. Nd4 Nh3 60. Ne2 Ke6 61. Nc3 Nf2+ 62. Kd4 
Kd6 63. Ke3 Nh3 64. Ke4 Nf4 65. Kf5 Nh3 66. Kf6 Kc6 67. Ke5 Nf4 68. Kd4 
Ne6+ 69. Ke5 Nf4 70. Kf5 Nh3 71. Ke5 1/2-1/2

[Event "61st ch-RUS HL"]
[Site "Novokuznetsk RUS"]
[Date "2008.09.13"]
[Round "10"]
[White "Kryakvin, D"]
[Black "Grachev, B"]
[Result "0-1"]
[WhiteElo "2565"]
[BlackElo "2640"]
[EventDate "2008.09.03"]

1. d4 d5 2. c4 c6 3. Nc3 Nf6 4. Nf3 e6 5. Bg5 Nbd7 6. cxd5 exd5 7. e3 Be7 
8. Bd3 Ne4 9. Bxe7 Qxe7 10. Qc2 f5 11. O-O O-O 12. Rab1 Rf6 13. Ne2 Rh6 
14. Ng3 Nf8 15. Rfe1 g5 16. Nd2 g4 17. Ndf1 Ng6 18. f3 gxf3 19. gxf3 Ng5 
20. Qe2 Nh4 21. Nd2 f4 22. exf4 Qxe2 23. Bxe2 Nh3+ 24. Kh1 Nxf4 25. Bf1 
Bf5 26. Rbc1 Kf7 27. Re5 Be6 28. Rc3 Rg8 29. Kg1 Nf5 30. Nb3 Nh5 31. Kf2 
Nhxg3 32. hxg3 Rh2+ 33. Kg1 Rxb2 34. g4 h5 35. Bh3 Rg6 36. Kf1 Ng3+ 37. 
Ke1 hxg4 38. Bxg4 Bxg4 39. fxg4 Rb1+ 40. Rc1 Rxc1+ 41. Nxc1 Rxg4 42. Nb3 
b6 43. Kf2 Ne4+ 44. Kf3 Rg3+ 45. Kf4 Rg2 46. Rh5 Nf6 47. Rh8 Ke6 48. Rc8 
Kd7 49. Ra8 Rf2+ 50. Ke3 Ng4+ 51. Kd3 Rxa2 52. Nc1 Ra3+ 53. Kc2 Ne3+ 54. 
Kb2 Nc4+ 55. Kc2 Kc7 56. Nd3 Ne3+ 57. Kd2 Nf5 0-1

[Event "82nd ch-ARG"]
[Site "Mendoza ARG"]
[Date "2008.05.30"]
[Round "10"]
[White "Peralta, Fe"]
[Black "Ricardi, P"]
[Result "1-0"]
[WhiteElo "2546"]
[BlackElo "2515"]
[EventDate "2008.05.20"]

1. d4 d5 2. c4 e6 3. Nc3 Be7 4. cxd5 exd5 5. Bf4 Nf6 6. e3 Nbd7 7. Qc2 O-O
8. Nf3 c6 9. Bd3 g6 10. h4 c5 11. Bh6 c4 12. Bxf8 Nxf8 13. Be2 Bf5 14. Qd1
b5 15. a3 b4 16. axb4 Bxb4 17. Nd2 h5 18. O-O Ne6 19. Bf3 Bd3 20. Re1 a5 
21. Be2 Bf5 22. Bf3 Bd3 23. Be2 Bf5 24. Bf3 Bd3 25. Na2 Bf8 26. b3 Rc8 27.
 bxc4 dxc4 28. Be2 Ng4 29. g3 Qb6 30. Rc1 Bxe2 31. Qxe2 Re8 32. Nxc4 Qb3 
33. Rb1 Qa4 34. Nc3 Qd7 35. Red1 Bg7 36. Qf3 Qc7 37. Rb7 Ng5 38. Rxc7 
Nxf3+ 39. Kg2 1-0

[Event "8th Amplico AIG Life Rapid"]
[Site "Warsaw POL"]
[Date "2008.12.21"]
[Round "10"]
[White "Aleksandrov, A"]
[Black "Portisch, L"]
[Result "1-0"]
[WhiteElo "2617"]
[BlackElo "2513"]
[EventDate "2008.12.20"]

1. d4 Nf6 2. c4 e6 3. Nc3 d5 4. cxd5 exd5 5. Bg5 c6 6. e3 Be7 7. Bd3 Nbd7 
8. Nge2 O-O 9. Qc2 Re8 10. O-O Nf8 11. f3 Be6 12. Bh4 Rc8 13. Kh1 a6 14. 
Rad1 b5 15. a3 a5 16. Bf2 Bd6 17. Bg1 Bb8 18. e4 dxe4 19. fxe4 a4 20. d5 
cxd5 21. Bxb5 Bd7 22. Qxa4 dxe4 23. Bxd7 N6xd7 24. Nxe4 Qe7 25. N2c3 Ne5 
26. Nd5 Qe6 27. h3 h6 28. Nf4 Qc4 29. Nc3 Qxa4 30. Nxa4 Nc4 31. Nd5 Be5 
32. b3 Na5 33. b4 Nc4 34. Nab6 Nxb6 35. Nxb6 Rc2 36. Rf2 Rc3 37. a4 Rb3 
38. b5 Ng6 39. Rf3 Rb4 40. Bc5 Rb2 41. Rf2 Rb3 42. Rf3 Rb2 43. Bf2 Bf4 44.
 Nd5 Bb8 45. Re3 Rc8 46. Bg1 Kh7 47. Rc3 Re8 48. Rf3 Ne5 49. Rf2 Rb3 50. 
Ra2 Nc4 51. b6 Re6 52. a5 Rb5 53. a6 1-0

[Event "DMP Ekstraliga"]
[Site "Karpacz POL"]
[Date "2008.09.12"]
[Round "7"]
[White "Wojtaszek, R"]
[Black "Kveinys, A"]
[Result "1/2-1/2"]
[WhiteElo "2593"]
[BlackElo "2527"]
[EventDate "2008.09.06"]

1. d4 Nf6 2. c4 e6 3. Nc3 d5 4. cxd5 exd5 5. Bg5 Be7 6. Qc2 c6 7. e3 Nbd7 
8. Bd3 Nh5 9. Bxe7 Qxe7 10. O-O-O Nb6 11. Kb1 g6 12. h3 Ng7 13. g4 h5 14. 
Nf3 Be6 15. Ne5 O-O-O 16. f4 hxg4 17. hxg4 Kb8 18. f5 gxf5 19. gxf5 Bc8 
20. f6 Qxf6 21. Rhf1 Qh6 22. Qg2 Be6 23. Qg3 Ka8 24. Nxf7 Bxf7 25. Rxf7 
Ne8 26. Rdf1 Nc8 27. Qf4 Ned6 28. Qxh6 Rxh6 29. Rf8 Rh8 30. Rxd8 Rxd8 31. 
Kc2 Re8 32. Kd2 Kb8 33. Rh1 Re7 34. b3 1/2-1/2

[Event "Elektroprivreda Day Rapid"]
[Site "Niksic MNE"]
[Date "2008.08.21"]
[Round "1.1"]
[White "Kosic, D"]
[Black "Stojanovic, Mih"]
[Result "1/2-1/2"]
[WhiteElo "2516"]
[BlackElo "2552"]
[EventDate "2008.08.22"]

1. d4 d5 2. Nf3 Nf6 3. c4 e6 4. Nc3 Nbd7 5. cxd5 exd5 6. Bg5 Be7 7. e3 O-O
8. Bd3 Re8 9. O-O c6 10. Qc2 Nf8 11. h3 g6 12. Rab1 a5 13. a3 Ne6 14. Bxf6
Bxf6 15. b4 Qd6 16. Rfc1 b5 17. Na2 Bd7 18. a4 bxa4 19. Qxa4 axb4 20. Qxb4
Be7 21. Qxd6 Bxd6 22. Nb4 Rec8 23. Na6 c5 24. dxc5 Nxc5 25. Nxc5 Rxc5 26. 
Rxc5 Bxc5 27. g4 Kf8 28. Rb7 Ra7 29. Rb8+ Ke7 30. Rb1 Bd6 31. Kg2 Rc7 32. 
Rb6 Bc5 33. Rb8 Be8 34. Bb5 Bxb5 35. Rxb5 Kf6 36. Nd2 Ke6 37. Nb3 Ba7 38. 
Kf3 Rd7 39. Rb4 Rc7 40. Ra4 Ke7 41. Ra6 Kd7 42. Kf4 Rb7 43. Nd4 Bxd4 44. 
exd4 Rb2 45. f3 Rh2 46. Ke5 Rxh3 47. Ra7+ Ke8 48. f4 h5 49. g5 Rf3 50. 
Ra8+ Ke7 51. Ra7+ Kf8 52. Ra5 h4 53. Ra2 h3 54. Rb2 Ke7 55. Rb7+ Kf8 56. 
Rb8+ Kg7 57. Rb2 Kf8 58. Rb8+ Ke7 59. Rh8 Kd7 60. Rh7 Ke7 61. Rh4 Kd7 62. 
Kxd5 h2 63. Rxh2 Rxf4 64. Rg2 Rf5+ 65. Ke4 Kd6 66. Rg1 Ke6 67. Rg2 Kd6 68.
 Rg1 Ke6 69. Rg2 Kd6 1/2-1/2

[Event "Elektroprivreda Day Rapid"]
[Site "Niksic MNE"]
[Date "2008.08.21"]
[Round "1.3"]
[White "Kosic, D"]
[Black "Stojanovic, Mih"]
[Result "0-1"]
[WhiteElo "2516"]
[BlackElo "2552"]
[EventDate "2008.08.22"]

1. d4 d5 2. Nf3 Nf6 3. c4 e6 4. Nc3 Nbd7 5. cxd5 exd5 6. Bg5 Be7 7. e3 O-O
8. Bd3 Re8 9. Qc2 c6 10. h3 Nf8 11. O-O g6 12. Rab1 a5 13. a3 Ne6 14. Bxf6
Bxf6 15. b4 Qd6 16. Rfd1 Bd7 17. Na4 axb4 18. axb4 Ng5 19. Nxg5 Bxg5 20. 
b5 Bd8 21. b6 Bc8 22. Nc5 Qf6 23. Rb2 Qg5 24. Kh1 Qh4 25. Bf1 Kg7 26. Rc1 
Qf6 27. Qd2 h5 28. Kg1 Qg5 29. Kh1 Qf6 30. Qd1 g5 31. g3 h4 32. g4 Be7 33.
 Bg2 Bd6 34. Qd2 Rb8 35. Nd3 Bxg4 36. hxg4 h3 37. Ra2 Rh8 38. Bxd5 cxd5 
39. f4 gxf4 40. Nxf4 Bxf4 41. exf4 Qxb6 42. Qd3 Rbc8 43. Rb1 Qf6 44. Rf2 
Rc4 45. Rd1 Re8 46. g5 Qe6 47. Kh2 Qg4 48. Rg1 Qh4 49. Qd2 Re4 50. f5 
Rcxd4 51. Qb2 Rg4 52. f6+ Kg6 53. Qc2+ Rde4 54. Rgf1 Qg3+ 55. Kh1 h2 56. 
Rxh2 Rh4 57. Rxh4 Qxh4+ 58. Kg2 Qxg5+ 59. Kh2 Qh5+ 60. Kg2 Qe2+ 0-1

[Event "Elektroprivreda Day Rapid"]
[Site "Niksic MNE"]
[Date "2008.08.22"]
[Round "3.3"]
[White "Georgiev, Ki"]
[Black "Miladinovic, I"]
[Result "1/2-1/2"]
[WhiteElo "2671"]
[BlackElo "2571"]
[EventDate "2008.08.22"]

1. d4 d5 2. Nf3 Bf5 3. c4 e6 4. Nc3 Nc6 5. cxd5 exd5 6. Bf4 Bd6 7. Bg3 
Nce7 8. e3 c6 9. Be2 Nf6 10. Qb3 O-O 11. O-O Bxg3 12. hxg3 Rb8 13. Rac1 
Ne8 14. Na4 Nd6 15. Nc5 a5 16. Bd3 b6 17. Na4 Ne4 18. Qc2 Qd6 19. Nc3 Nxc3
20. Qxc3 Bd7 21. Ne5 Be8 22. Be2 g6 23. Rfd1 Kg7 24. a3 f6 25. Nf3 Bd7 26.
 b4 axb4 27. axb4 Ra8 28. b5 Rfc8 29. bxc6 Rxc6 30. Qb2 b5 31. Rxc6 Bxc6 
32. Ne1 b4 33. Nd3 Bb5 34. Rb1 Bxd3 35. Bxd3 Rb8 36. Qa2 h5 37. Qa4 g5 38.
 Qd1 g4 39. Qa4 Qb6 40. Qd7 Qb7 41. Qd6 Kf7 42. Bc2 Qb6 43. Qxb6 Rxb6 44. 
Kf1 Ke6 45. Ke2 Nc6 46. Ba4 Na5 47. Kd3 Kd6 48. f3 Rb8 49. e4 gxf3 50. 
gxf3 b3 51. Kc3 Rc8+ 52. Kb4 Nc4 53. Rxb3 dxe4 54. fxe4 Nd2 55. e5+ fxe5 
56. dxe5+ Kxe5 57. Re3+ Kd4 58. Re7 Rb8+ 59. Bb5 Ne4 60. Rh7 Nxg3 61. Rh6 
Ke5 62. Kc4 Kf5 63. Bc6 Kg5 64. Rh7 Rc8 65. Kd5 Nf5 66. Bd7 Rd8 67. Ke5 
Nh6 68. Rg7+ Kh4 69. Be6 Ng4+ 70. Kf4 Rf8+ 71. Rf7 Rb8 72. Bxg4 Rb4+ 73. 
Kf3 hxg4+ 74. Kg2 Rb2+ 75. Kg1 Kh3 76. Rf1 Rg2+ 77. Kh1 Rd2 78. Kg1 g3 79.
 Re1 Ra2 80. Rd1 Ra4 81. Rf1 Kg4 82. Rb1 Ra3 83. Kg2 Ra2+ 84. Kg1 Re2 85. 
Rc1 Kf3 86. Rb1 Rg2+ 87. Kh1 Ra2 88. Kg1 1/2-1/2

[Event "GM"]
[Site "Vienna AUT"]
[Date "2008.08.16"]
[Round "1"]
[White "Chatalbashev, B"]
[Black "Sulskis, S"]
[Result "1/2-1/2"]
[WhiteElo "2596"]
[BlackElo "2562"]
[EventDate "2008.08.16"]

1. d4 Nf6 2. c4 e6 3. Nc3 d5 4. cxd5 exd5 5. Bg5 c6 6. e3 Bf5 7. Qf3 Bg6 
8. Bxf6 gxf6 9. Nge2 Na6 10. Nf4 Nc7 11. Nh5 Be7 12. Ng7+ Kf8 13. Nf5 Ne6 
14. Bd3 a5 15. Rd1 a4 16. a3 Ng7 17. Nxe7 Qxe7 18. h4 Bh5 19. g4 Bg6 20. 
h5 Bxd3 21. Rxd3 Ne6 22. h6 Rg8 23. Qf5 Rg5 24. Qxh7 Rg6 25. Qh8+ Rg8 26. 
Qh7 Rg6 27. Qh8+ Rg8 28. Qh7 Rg6 1/2-1/2

[Event "IX EICC"]
[Site "Plovdiv BUL"]
[Date "2008.04.25"]
[Round "5"]
[White "Khairullin, I"]
[Black "Nepomniachtchi, I"]
[Result "1-0"]
[WhiteElo "2554"]
[BlackElo "2634"]
[EventDate "2008.04.21"]

1. c4 Nf6 2. Nc3 e6 3. d4 d5 4. cxd5 exd5 5. Bg5 Be7 6. e3 c6 7. Qc2 Nbd7 
8. Bd3 Nh5 9. Bxe7 Qxe7 10. O-O-O Nb6 11. h3 g6 12. Nf3 Ng7 13. g4 Be6 14.
 Kb1 O-O-O 15. Na4 h5 16. Ne5 hxg4 17. hxg4 Qc7 18. Nc5 Kb8 19. a4 Bc8 20.
 Rxh8 Rxh8 21. a5 Nc4 22. Bxc4 dxc4 23. Qxc4 f6 24. Qb4 Ka8 25. Nc4 Ne6 
26. Nb6+ Kb8 27. Nxc8 Nxc5 28. dxc5 Kxc8 29. Qe4 Rd8 30. Qe6+ Kb8 31. Rd6 
Qxa5 32. Qxf6 Qe1+ 33. Ka2 Qa5+ 34. Kb1 Qe1+ 35. Kc2 Qe2+ 36. Kc3 Rc8 37. 
Rd8 Qe1+ 38. Kb3 a5 39. Qd6+ Ka7 40. Rxc8 Qb4+ 41. Kc2 Qc4+ 42. Kd2 Qb4+ 
43. Kd3 1-0

[Event "IX EICC"]
[Site "Plovdiv BUL"]
[Date "2008.04.26"]
[Round "6"]
[White "Romanov, E"]
[Black "Gurevich, M"]
[Result "1/2-1/2"]
[WhiteElo "2547"]
[BlackElo "2611"]
[EventDate "2008.04.21"]

1. d4 d5 2. c4 c6 3. Nf3 Nf6 4. Nc3 e6 5. Bg5 Nbd7 6. cxd5 exd5 7. e3 Be7 
8. Bd3 O-O 9. Qc2 Re8 10. O-O Nf8 11. h3 Ne4 12. Bf4 Ng5 13. Bxg5 Bxg5 14.
 b4 Be7 15. b5 Bd6 16. bxc6 bxc6 17. Rab1 Qa5 18. Qa4 Qxa4 19. Nxa4 Bd7 
20. Rb7 Reb8 21. Rfb1 f6 22. Rxb8 Rxb8 23. Rxb8 Bxb8 24. Nd2 Kf7 25. Nb3 
Ke7 26. f4 Bc7 27. Kf2 Be8 28. Ke2 g6 29. Kd2 Nd7 30. g4 Bd6 31. Nac5 Nxc5
32. dxc5 Bc7 33. Ba6 g5 34. f5 Bd7 35. Kd3 Kd8 36. e4 dxe4+ 37. Kxe4 Bg3 
38. Bc4 Bc8 39. Bg8 h6 40. Bc4 Bf2 1/2-1/2

[Event "IX EICC"]
[Site "Plovdiv BUL"]
[Date "2008.05.01"]
[Round "10"]
[White "Huzman, A"]
[Black "Heberla, B"]
[Result "1-0"]
[WhiteElo "2602"]
[BlackElo "2509"]
[EventDate "2008.04.21"]

1. d4 d5 2. Nf3 c5 3. e3 cxd4 4. exd4 Nf6 5. c3 Nc6 6. Bf4 Bf5 7. Nbd2 e6 
8. Qb3 Qc8 9. h3 Ne4 10. Nxe4 Bxe4 11. Nd2 Bg6 12. Be2 Be7 13. O-O O-O 14.
 Rfe1 a6 15. a4 Qd7 16. Qd1 Rac8 17. Bf1 Bd6 18. Bxd6 Qxd6 19. Nb3 a5 20. 
Bd3 Bxd3 21. Qxd3 b6 22. Re2 Rfe8 23. Qa6 Nb8 24. Qb5 Qd7 25. Qxb6 Nc6 26.
 Nxa5 e5 27. dxe5 Nxe5 28. Rae1 Nd3 29. Qb7 Rxe2 1-0